00582nam a2200193Ia 4500001000700000003000500007008004100012010001100053040000900064100003600073245011200109260004000221300001800261440000500279500001600284503000500300650001400305650006900319Z_3499CHAP220113s1988 xx 000 0 und d a166613 cCHAP aAguilera Hernández, Palemón aLa carpa y su cultivo /cpor Palemón Aguilera Hernández, Eduardo Zarza Meza y Regina Sánchez Merino aMexico, D. F. :bFondepesca,c1988 a43 h. ; ilus. a aFotocopía a aLa carpa  aPiscicultura I. Zarza Meza, Eduardo II. Sánchez Merino, Regina